00905nam a22001937a 450000500170000000800410001704000290005804100080008708200150009510000290011024500600013926000680019930000310026750002980029850600210059665000360061765000210065370000370067420151005142433.0150921s1900 xxu||||fr|||| 00| 0 spa d cSandra YazodSandra Yazo0 aspa 220a371.321 aFuller, Sarahd1836-192710aCartilla ilustradaban illustrated primercSarah Fuller aBoston [Estados Unidos]bD. C. Heath y Cia., Publicadoresc1900 a100 páginasc19 x 14 cm. aDetalles físicos: Encuadernación rígida en cartón forrado en tela. Tapa delantera datos de publicación y una ilustración impresa. Guardas. Portada impresa en una sola tinta. Texto impreso con ilustraciones en una y dos columnas. Papel manchado. Varias hojas con publicidad al final aConsulta en sala 7aEducación primariavManuales  7aLibros de texto 1 aParker Jordan, Editheilustrador